| 000 | 00459nam a2200157 a 4500 | ||
|---|---|---|---|
| 001 | 000016254 | ||
| 005 | 20200929164335.0 | ||
| 008 | 100302s1973 dr 000 0 spa d | ||
| 040 |
_aDO-SdBNP _bspa _cBNPHU |
||
| 082 |
_axxxx _bD637b |
||
| 245 | 0 | 0 | _aDocumentos básicos. |
| 260 |
_aSanto Domingo : _bFEDAPEC, _c1973. |
||
| 300 |
_a79 p. ; _c21 cm. |
||
| 710 | 2 |
_aFederación Dominicana de Asociaciones de Padres y Educadores Católicos _936315 |
|
| 049 | _aBNPD | ||
| 999 |
_c15791 _d15791 |
||